Ingo y Drago

Saved in:
書目詳細資料
主要作者: Lobe, Mira (autora)
格式: 圖書
語言:西班牙语
出版: Madrid SM 2001
版:29a. ed
叢編:El Barco de Vapor, 15
主題:
標簽: 添加標簽
沒有標簽, 成為第一個標記此記錄!

MARC

LEADER 00000cam a2200000 a 4500
001 UCH9761
003 CL-VaPUC
008 100121e20011000SP |||||||||||||||||spa|d
020 |a 8434813084 
082 0 4 |a 808.0683  |b LOB  |2 21 
100 |a Lobe, Mira  |e autora  |9 547022 
245 1 0 |a Ingo y Drago 
250 |a 29a. ed 
300 |a 128 p 
942 |c BK 
945 |d 20100121 00:00:00  |a dcastane 
260 |a Madrid  |b SM  |c 2001 
650 0 |a Literatura austríaca   |9 334012 
650 7 |a CUENTOS AUSTRIACOS  |2 CL-VaPUC  |9 541875 
650 0 |a Cuentos infantiles  |9 308044 
650 7 |a CUENTOS DE FICCION  |2 CL-VaPUC  |9 547023 
583 |a last modification  |c 20130528 01:00:06  |k Rodrigo Vera 
490 0 |a El Barco de Vapor, 15 
999 |c 339651  |d 339649